Punjab Cities Quiz - Statistics

General Stats
  • This quiz has been taken 141 times
  • The average score is 5 of 9
Answer Stats
Hint Answer % Correct
Golden Temple Amritsar
99%
Capital Chandigarh
89%
Manchester of India Ludhiana
79%
3rd most populous Jalandhar
71%
Famous for type of shoes Patiala
57%
Part of Chandigarh Mohali
51%
North east of Amritsar Gurdaspur
33%
Intelligent town Hoshiarpur
31%
On Beas river Beas
18%
No matching quizzes found
Score Distribution
Percent of People with Each Score
Percentile by Number Answered
Your Score History
You have not taken this quiz